Armagh Irish County quiz - Statistics

General Stats
  • This quiz has been taken 23 times
  • The average score is 7 of 16
Answer Stats
Hint Answer % Correct
What fruit is Armagh famous for? Apple
83%
Who established a 5th century church here? Saint Patrick
78%
What historical Irish region is it in? Ulster
78%
What’s the counties name in Irish? Ard Mhacha
72%
Think hard - what is the main city of Armagh? Armagh city
67%
What did William McCrum invent in soccer/football? Penalty Kick
61%
In what month does the food and cider festival start? September
61%
Whats the most common nickname of the county? Orchard County
56%
In the summer, day can last for up to __ hours? 18
44%
Where was the legendary stronghold of Cú Chulainn? Navan fort
39%
What is the most major religion? Christianity
33%
The Argory is a handsome house from what year? 1820
6%
What house built by William Henry Playfair has 12 corners, 4 wings, 52 chimneys and 365 days? Calendar house
0%
What is the name of an amazing natural place, the ring of ________ Guillion
0%
What historical 18th century building is located here? ( hint - borrowing education and entertainment ) Library
0%
And what was the name of the hill that it was built on? Sally Hill
0%
No matching quizzes found
Score Distribution
Percent of People with Each Score
Percentile by Number Answered
Your Score History
You have not taken this quiz